Top 15 principaux pays touchés par Covid-19 - 11 août 2021 - Statistiques

Statistiques générales
  • Ce quiz a été pris 52 fois
  • Le résultat moyen est 12 sur 27
Statistiques - réponses
pays % Correct
France
100%
Etats-Unis
93%
Russie
91%
Espagne
87%
Royaume-Uni
83%
Mexique
80%
Allemagne
78%
Inde
76%
Italie
76%
Brésil
74%
Argentine
52%
Belgique
46%
Colombie
41%
Turquie
41%
Pays-Bas
33%
Suède
33%
Iran
28%
Indonésie
26%
Tchèquie
20%
Uruguay
17%
Slovénie
9%
Israël
7%
Panama
7%
Bahreïn
2%
Estonie
2%
Lituanie
2%
Géorgie
0%
Aucun quiz correspondant
Distribution des résultats
% des personnes avec chaque résultat
Percentile par nombre de réponses
Votre historique - résultats
Vous n’avez pas pris ce quiz